Nhập môn thống kê ngôn ngữ học /

Tallennettuna:
Bibliografiset tiedot
Päätekijä: Nguyễn Đức Dân
Muut tekijät: Đăng Thái Minh
Aineistotyyppi: Sách giấy
Kieli:Vietnamese
Julkaistu: Hà Nội : Giáo dục , 1998
Tagit: Lisää tagi
Ei tageja, Lisää ensimmäinen tagi!
Thư viện lưu trữ: Thư viện Trường Đại học Đà Lạt
LEADER 00656nam a2200265 4500
001 DLU020007183
005 ##5/6/2000
020 # # |a 978- 
041 # # |a vie 
082 # # |a 410.72  |b NG-D 
090 # # |a 410.72  |b NG-D 
100 # # |a Nguyễn Đức Dân 
245 # # |a Nhập môn thống kê ngôn ngữ học /  |c Nguyễn Đức Dân, Đăng Thái Minh 
260 # # |a Hà Nội :  |b Giáo dục ,  |c 1998 
300 # # |a 243 tr.;   |c 20.3 cm. 
700 # # |a Đăng Thái Minh 
992 # # |a 12800 
994 # # |a DLU 
900 # # |a False 
911 # # |a Administrator 
925 # # |a G 
926 # # |a A 
927 # # |a SH 
980 # # |a Thư viện Trường Đại học Đà Lạt